سجلات مارى وما تلقيه من أضواء على التاريخ السياسى لمملكة مارى (من حوالى 1820-1760 ق.م )
محفوظ في:
مؤلفون آخرون:
التنسيق: كتاب
اللغة: Undetermined
منشور في:
Alexandria
1985
الوسوم: إضافة وسم
لا توجد وسوم, كن أول من يضع وسما على هذه التسجيلة!
رقم الطلب:
| LEADER | 00406nam a2200109Ia 4500 | ||
|---|---|---|---|
| 008 | 240503s9999||||xx |||||||||||||| ||und|| | ||
| 245 | 1 | 0 | |a سجلات مارى وما تلقيه من أضواء على التاريخ السياسى لمملكة مارى (من حوالى 1820-1760 ق.م ) |
| 264 | 1 | |a Alexandria |c 1985 | |
| 300 | |a 95 |c 24 | ||
| 700 | 1 | |a محمد عبداللطيف محمد | |
| 942 | |2 lcc |c BK | ||
| 999 | |c 58335 |d 58335 | ||
